000 00859nam a22002537n 4500
001 193532
003 ES-MaACL
005 20240906193232.0
007 ta
008 240104s2023 sp ||||| |||| 00| 0 spa d
020 _a9788412715040
040 _cES-MaACL
100 _aLeon Yodh, Jean Paul
_9234837
_eaut
245 1 3 _aLa palabra desnuda /
_cJean Paul Leon Yodh.
260 _aMadrid :
_bAlbert editor,
_c2023
300 _a301 ;
_c21 cm
852 _aES-MaACL
_bR.154918
_cDEPOJ
_hDonación: Sara Cantó
_xEncuadernación rústica con solapas
_jN-9710
_9201302
_gDedicatoria autógrafa
942 _n0
_cMONOGRAFIA
999 _c193532
_d193532